| 000 | 00487nam a2200181Ia 4500 | ||
|---|---|---|---|
| 001 | 10282 | ||
| 005 | 20260306161820.0 | ||
| 008 | 260306t1986||||xx |||||||||||||| ||spa|| | ||
| 041 | _aESP | ||
| 082 |
_a914.6 _bG23 T. 2 |
||
| 100 |
_aGarcía del Barrio Ambrosy, Isidro _eAUT |
||
| 245 | 0 |
_aCuriosidades de Sanlucar de Barrameda y su comarca: _b(historia y arte) |
|
| 260 | _c1986 | ||
| 300 |
_a178 páginas : _c24 cm. |
||
| 650 | _aGEN | ||
| 654 | _aCHU | ||
| 942 |
_cLIB _dJUS _fJUS _2ddc _n |
||
| 999 |
_c10282 _d10282 |
||